Sports Quiz

Random Sports or Auto Racing Quiz
Score 0/41 Timer 10:00
0 Plays Today
Finishing Position Driver % Correct
1stDale Earnhardt
85.1%
6thJeff Gordon
75.3%
2ndRusty Wallace
70.7%
26thMike Wallace
70.7%
36thKenny Wallace
70.7%
5thMark Martin
67.2%
4thBill Elliott
63.8%
25thKyle Petty
62.6%
14thMichael Waltrip
61.5%
17thDarrell Waltrip
61.5%
9thBobby Labonte
59.8%
13thTerry Labonte
59.8%
3rdDale Jarrett
58%
7thSterling Marlin
56.9%
20thRicky Rudd
52.3%
12thJohn Andretti
51.7%
15thGeoffrey Bodine
49.4%
21stTodd Bodine
49.4%
24thBrett Bodine
49.4%
35thWard Burton
47.1%
38thJeff Burton
47.1%
Finishing Position Driver % Correct
19thKen Schrader
44.3%
11thBobby Hamilton
40.2%
34thLake Speed
39.1%
23rdJimmy Spencer
36.8%
10thMorgan Shepherd
35.6%
31stRicky Craven
35.6%
27thJoe Nemechek
35.1%
8thRick Mast
33.3%
29thJeremy Mayfield
33.3%
16thTed Musgrave
32.2%
18thDick Trickle
30.5%
40thDerrike Cope
27.6%
28thRobert Pressley
24.1%
22ndHut Stricklin
23%
30thSteve Grissom
20.1%
33rdGreg Sacks
16.1%
39thBobby Hillin Jr
16.1%
32ndJimmy Hensley
13.2%
37thRich Bickle
10.9%
41stElton Sawyer
9.2%
Remove Ads.
Support Sporcle.
Get the best of Sporcle when you Go Orange. This ad-free experience offers more features, more stats, and more fun while also helping to support Sporcle. Thank you for becoming a member.

You're not logged in!

Compare scores with friends on all Sporcle quizzes.
OR
Log In

Sporcle TV

Today on Sporcle TV


Watch our educational content, quiz creation guides, and fun videos on Sporcle TV.

Show Comments

Extras

Top Quizzes Today


Score Distribution

Paid Content

Your Account Isn't Verified!

In order to create a playlist on Sporcle, you need to verify the email address you used during registration. Go to your Sporcle Settings to finish the process.

Report this User

Report this user for behavior that violates our Community Guidelines.

Details: